[Event "IECC CL6-2005.09 email"]
[Site "IECC email"]
[Date "2005.05.30"]
[Round "?"]
[White "Kinna, Michael"]
[Black "Bauermeister, Jorge"]
[Result "1-0"]
[WhiteElo "1242"]
[BlackElo "1251"]
[PlyCount "45"]
[EventDate "2005.??.??"]
[EventType "tourn (corr)"]
[EventRounds "4"]
[SourceTitle "Corr 2020"]
[Source "ChessBase"]
[SourceDate "2019.09.30"]
[SourceVersion "1"]
[SourceVersionDate "2019.09.30"]
[SourceQuality "1"]
[WhiteTeam "Australia"]
[BlackTeam "Puerto Rico"]
[WhiteTeamCountry "AUS"]
[BlackTeamCountry "PUR"]

1. d4 Nf6 2. c4 c5 3. d5 e6 4. Nc3 exd5 5. cxd5 g6 6. e4 d6 7. Bd3 Bg7 8. h3 0-0 9. Nge2 Nbd7 10. 0-0 Ne5 11. Bc2 a6 12. Ng3 b5 13. a3 Nfd7 14. f4 b4 15. axb4 cxb4 16. Nce2 Qb6+ 17. Kh1 Nc4 18. Ra2 Ne3 19. Bxe3 Qxe3 20. Rf3 Qb6 21. b3 Re8 22. f5 Bb7 23. fxg6 1-0

[Event "IECC CL6-2004.13 email"]
[Site "IECC email"]
[Date "2004.06.01"]
[Round "?"]
[White "Bauermeister, Jorge"]
[Black "Harper, Roy"]
[Result "0-1"]
[WhiteElo "1260"]
[BlackElo "1354"]
[PlyCount "66"]
[EventDate "2004.??.??"]
[EventType "tourn (corr)"]
[EventRounds "4"]
[SourceTitle "Corr 2008"]
[Source "ChessBase"]
[SourceDate "2008.06.24"]
[SourceVersion "1"]
[SourceVersionDate "2008.06.24"]
[SourceQuality "1"]

1. e4 e5 2. Nf3 Nf6 3. Bc4 Nxe4 4. Bxf7+ Kxf7 5. Nxe5+ Kg8 6. 0-0 Nc6 7. d4 d5 8. Qf3 Qe8 9. Be3 Nxe5 10. dxe5 Qxe5 11. Bf4 Qxb2 12. Nd2 Qc3 13. Nxe4 Qxf3 14. gxf3 dxe4 15. fxe4 c6 16. Rad1 Be6 17. a4 Kf7 18. Rd3 b5 19. Rb1 a6 20. Bg3 bxa4 21. Rb6 a3 22. Rxc6 a2 23. Be5 Be7 24. Rf3+ Bf6 25. Rc5 Rhc8 26. Ra5 Rxc2 27. Kg2 Re2 28. Ra4 Ke7 29. Bxf6+ gxf6 30. Rfa3 Rg8+ 31. Kf3 Bg4+ 32. Kf4 Rxf2+ 33. Ke3 Rf3+ 0-1

[Event "IECC CL6-2003.29 email"]
[Site "IECC email"]
[Date "2003.12.19"]
[Round "?"]
[White "Fernandez Diaz, Manuel"]
[Black "Bauermeister, Jorge"]
[Result "0-1"]
[WhiteElo "1362"]
[BlackElo "1222"]
[PlyCount "92"]
[EventDate "2003.??.??"]
[EventType "tourn (corr)"]
[EventRounds "4"]
[SourceTitle "Corr 2008"]
[Source "ChessBase"]
[SourceDate "2008.06.24"]
[SourceVersion "1"]
[SourceVersionDate "2008.06.24"]
[SourceQuality "1"]

1. Nf3 d5 2. d4 Nf6 3. c4 dxc4 4. a4 e5 5. Nxe5 Bb4+ 6. Nc3 Be6 7. e3 0-0 8. Nxc4 c5 9. Ne5 cxd4 10. Qxd4 Qxd4 11. exd4 Nc6 12. Be3 Nxe5 13. dxe5 Ne4 14. Rc1 Rfd8 15. f3 Nc5 16. Kf2 Bb3 17. Bb5 Nd3+ 18. Bxd3 Rxd3 19. Nb1 Bxa4 20. Rc7 Rb3 21. Bd4 Rd8 22. Bxa7 Rxb2+ 23. Kg3 Bc6 24. Bb6 Re8 25. Kf4 Rxg2 26. h4 f6 27. Rxc6 fxe5+ 28. Ke4 bxc6 29. Bc7 Rc8 30. Bxe5 Re2+ 31. Kd4 c5+ 32. Kd5 Rd8+ 33. Ke6 Re8+ 34. Kd7 R2xe5 35. Rg1 Re1 36. Rg4 Rf8 37. h5 Rxb1 38. h6 Rf7+ 39. Kc6 Rf6+ 40. Kb5 Rxh6 41. f4 Ba3+ 42. Kc4 Rb4+ 43. Kd5 Rd4+ 44. Ke5 Kf7 45. Rg3 Bc1 46. Rf3 Rh5+ 0-1